CODEH: Boletín Mensual del Comité para la Defensa de los Derechos Humanos en Honduras

Guardat en:
Dades bibliogràfiques
Autor corporatiu: Comité para la Defensa de los Derechos Humanos (Honduras)
Format: Llibre
Idioma:Spanish
Publicat: Tegucigalpa; Honduras: CODEH, 1982-
Etiquetes: Afegir etiqueta
Sense etiquetes, Sigues el primer a etiquetar aquest registre!

MARC

LEADER 00000nam a22000007a 4500
003 cru CIDCACS/IIS
005 20221117142143.0
007 ta
008 181101n ho |||p|r||||||0| ||spa|d
040 |c cru CIDCACS/IIS 
090 |a REV1732 
110 2 |a Comité para la Defensa de los Derechos Humanos (Honduras)  |9 7895 
245 1 |a CODEH:  |b Boletín Mensual del Comité para la Defensa de los Derechos Humanos en Honduras 
260 |a Tegucigalpa; Honduras:  |b CODEH,  |c 1982- 
270 |a Tegucigalpa, MDC, Honduras, C.A.  |e 3189 
942 |2 ddc  |c PP 
999 |c 41867  |d 41867